000 00965cam a22003017a 4500
003 CHAP
005 20220329142251.0
008 000411s1998 uk a r 00010 eng d
010 _a80800
011 _a81772
020 _a0 85199 175 0
035 _a92251
040 _cCHAP
082 0 4 _a633.106
_bP6
100 0 0 _aPolaszek, Andrew
_eed.
_990205
245 1 0 _aAfrican cereal stem borers :
_beconomic importance, taxonomy, natural enemies and control
_c/ed. by Andrew Polaszek
260 _aOxon :
_bCAB International,
_c1998
300 _a530 p. :
_bilus.
590 _aBATCH-UPD
_b10
_c20130110
_lUCH01
_h0629
590 _aCONVERSION
_b10
_c20130109
_lUCH01
_h1345
650 1 4 _aCereales
_xAfrica.
_921372
650 1 4 _aCereales
_xEnfermedades.
_921412
650 1 4 _aCereales
_xPlagas.
_921450
901 _aBK
905 _aLilia Sánchez G.
942 _cLIBRO
949 _a633.106 P6
_bBC
_cLIBRO
_d33724000775383
_eLIBRO
_gI.203309
_h97748
_i92251
_st
_t$1.863.00
999 _c80800
_d80800